Los Peor /

Gespeichert in:
Bibliographische Detailangaben
1. Verfasser: Contreras Castro, Fernando 1963-
Format: Buch
Sprache:Spanish
Veröffentlicht: San José, Costa Rica : Ediciones Farben, 1995.
Ausgabe:1. edición
Schlagworte:
Tags: Tag hinzufügen
Keine Tags, Fügen Sie den ersten Tag hinzu!

MARC

LEADER 00000nam a22000007a 4500
008 180215b xxu||||| |||| 00| 0 spa d
041 0 |a spa 
082 0 4 |a CR863.44  |b C764L 
100 1 |a Contreras Castro, Fernando   |d 1963- 
245 1 0 |a Los Peor / 
250 |a 1. edición 
260 1 |a San José, Costa Rica :  |b Ediciones Farben,  |c 1995. 
300 |a  175 páginas  
500 |a Donación Alvaro Quesada  
650 |a  LITERATURA COSTARRICENSE   |x NOVELA  |9 13 
942 |2 ddc  |c BK 
999 |c 21820  |d 21820